NATO Countries Sudden Death - Statistics

General Stats
  • This quiz has been taken 138 times
  • The average score is 8 of 15
Answers on the Grid
Answers color-coded by a green-red scale on the quiz's grid according to % correct below.
Albania
Andorra
Armenia
Belgium
Bulgaria
Canada
Croatia
Austria
Azerbaijan
Czech Republic
Denmark
Estonia
Belarus
Finland
Bosnia and Herzegovina
Cyprus
Georgia
France
Germany
Ireland
Kosovo
Greece
Hungary
Iceland
 
Answer Stats
Answer % Correct
Belgium
74%
Denmark
70%
Canada
65%
Bulgaria
61%
Germany
61%
Czech Republic
57%
France
57%
Finland
52%
Albania
48%
Estonia
48%
Greece
48%
Hungary
48%
Croatia
39%
Iceland
39%
Bosnia and Herzegovina
13%
No matching quizzes found
Score Distribution
Percent of People with Each Score
Percentile by Number Answered
Your Score History
You have not taken this quiz